Impakty zdieľanej ekonomiky v slovenskom cestovnom ruchu diplomová práca

Guardado en:
Detalles Bibliográficos
Autor principal: Hrušovská, Laura
Autor Corporativo: Obchodná fakulta EU. Katedra služieb a cestovného ruchu - zrušené
Otros Autores: Fodranová, Iveta, 1959-
Formato: Libro
Lenguaje:eslovaco
Publicado: Bratislava 2018
Etiquetas: Agregar Etiqueta
Sin Etiquetas, Sea el primero en etiquetar este registro!

MARC

LEADER 00000nbm a2200000 4500
001 0247349
005 20180904142911.3
041 0 |a slo 
044 |a SK 
245 1 0 |a Impakty zdieľanej ekonomiky v slovenskom cestovnom ruchu  |b diplomová práca  |c Laura Hrušovská ; školiteľ: Iveta Fodranová 
264 1 |a Bratislava  |c 2018 
300 |a 87 s. 
100 1 |a Hrušovská, Laura 
700 1 |a Fodranová, Iveta, 1959- 
710 2 |a Obchodná fakulta EU. Katedra služieb a cestovného ruchu - zrušené